• 首页
  • 本馆介绍
  • 公告通知
  • 最新文献
  • 馆藏检索
  • 电子资源
  • 读者荐购
  • 参考咨询
  • CALIS
  • 我的图书馆
  • 登录
  • 详细信息显示
  • 放入我的书架
  • 预约/预借图书
  • 作者相关作品
  • 分类相关作品
  • 丛书相关作品
  • 出版社相关作品

书目信息

  • 表格格式
  • 工作单格式
  • 卡片格式
题名:
法象良知
    
 
作者: 胡慧峰 , 李宁 著
分册:  
出版信息: 北京   中国建筑工业出版社  2024.10
页数: 152页, [2] 页图版
开本: 25cm
丛书名: 走向平衡系列丛书
单 册:
中图分类: TU
科图分类:
主题词: 建筑学--jian zhu xue
电子资源:
ISBN: 978-7-112-30393-9
 
 
 
 
 
000 01539nam 2200301 450
001 91383
005 20250816205911.51
010    @a978-7-112-30393-9@dCNY138.00
100    @a20241209d2024 em y0chiy50 ea
101 0  @achi
102    @aCN@b110000
105    @aaf a 000yy
106    @ar
200 1  @a法象良知@Afa xiang liang zhi@e平衡建筑十大原则的设计体悟@f胡慧峰, 李宁著
210    @a北京@c中国建筑工业出版社@d2024.10
215    @a152页, [2] 页图版@c彩图@d25cm
225 2  @a走向平衡系列丛书@Azou xiang ping heng xi lie cong shu
314    @a胡慧峰, 浙江大学建筑设计研究院院总建筑师、建筑创作研究中心主任, 建筑学硕士, 研究员, 国家一级注册建筑师, 浙江大学和东南大学硕士生导师, 浙江大学建筑与规划学科客座课程导师, 中国建筑学会资深会员, 浙江省土木建筑学会建筑师分会理事, 浙江省勘察设计行业协会建筑装饰设计专业委员会主任, 浙江省体育场馆协会理事, 中国绿色校园设计联盟学术委员会建筑专委会委员, 中国建筑学会青年建筑师奖获得者, 浙江省工程勘察设计大师。
320    @a有书目 (第148-151页)
330    @a本书围绕一系列具体的建筑案例进行分析, 有针对性地对平衡建筑十大原则在实践中的体悟加以归纳, 以便大家在方法论层面对平衡建筑有更多的了解, 以期对建筑学及相关专业的课程教学和当下相关建筑设计有所借鉴与帮助。
410  0 @12001 @a走向平衡系列丛书
517 1  @a平衡建筑十大原则的设计体悟@Aping heng jian zhu shi da yuan ze de she ji ti wu
606 0  @a建筑学@Ajian zhu xue
690    @aTU@v5
701  0 @a胡慧峰@Ahu hui feng@4著
701  0 @a李宁@Ali ning@4著
801  0 @aCN@c20250909
905    @a河南城建学院图书馆@dTU@eH470@f1
    
    法象良知:平衡建筑十大原则的设计体悟/胡慧峰, 李宁著.-北京:中国建筑工业出版社,2024.10
    152页, [2] 页图版:彩图;25cm.-(走向平衡系列丛书)
    
    
    ISBN 978-7-112-30393-9:CNY138.00
    本书围绕一系列具体的建筑案例进行分析, 有针对性地对平衡建筑十大原则在实践中的体悟加以归纳, 以便大家在方法论层面对平衡建筑有更多的了解, 以期对建筑学及相关专业的课程教学和当下相关建筑设计有所借鉴与帮助。
●
相关链接 在E读中查询图书 在当当中查询图书 在豆瓣中查询图书


正题名:法象良知     索取号:TU/H470         预约/预借

序号 登录号 条形码 馆藏地/架位号 状态 备注
1 1625345   216253453   建筑库101/101建筑库 1排2列2层/ [索取号:TU/H470] 在馆    
河南城建学院图书馆 欢迎您!
大连网信软件有限公司© 版权所有